000 00520aam a2200205 4500
005 20250818123914.0
008 150513b2002 xxu||||| |||| 00| 0 spa d
020 _a84891127336
041 _aESP
041 _aING
082 _a333.783.097.286 P219p
245 _aGuía de los Parques Nacionales Costa Rica
260 _aCosta Rica
_bINCAFO
_c2002
300 _a224 páginas
490 _aTurismo
650 _aCOSTA RICA
650 _aPARQUES NACIONALES
650 _aÁREAS DE CONSERVACIÓN
942 _cBK
_2ddc
999 _c5449
_d5449